000 00411nam a2200169Ia 4500
008 230524s9999 xx 000 0 und d
020 _a8185392862
082 _a621.3821
_bTHE
100 _aTheodore F.Bogart
_96849
245 0 _aElectronic Devices and Circuits
250 _a2ND
260 _aNEW DELHI
_bUBS
_c2002
300 _a847
500 _aQuantity Number: 1
650 _aElectronics
942 _cBK
999 _c9934
_d9934